Statistiques concernant Quiz de culture générale #2

Cliquez ici pour prendre le quiz!

Statistiques générales

  • Ce quiz a été pris 161 fois
  • Le résultat moyen est 4 sur 11

Statistiques - réponses

Hint Answer % Correct
Couleur des boîtes noires des avionsRouge / Orange
92%
Nombre de capitale de l'Afrique du Sud ( en lettres)Trois (Pretoria, Le Cap, Bloemfontein)
72%
Os de l'oreille : Enclume, étrier et ?Marteau
54%
Plus grand maître des 12 coups de midiChristian Quesada (192 participations)
48%
Film post-apocalyptique dans lequel joue Will SmithJe suis une légende
38%
Père de CharlemagnePépin Le Bref
37%
Emmanuel Macron collectionne des queues de ?Lézard
10%
Assassin de François-Ferdinand ( Attentat de Sarajevo)Gavrilo Princip
9%
Prix Nobel de la paix décédé le 13 juillet d'un cancerLiu Xiaobo
6%
Quel jeu anglais du XVIIe à donné le mot "handicap" en français ?Hand in the cap
2%
Plus grand naufrage de l'histoire (Date ou nom du paquebot)30 janvier 1945/Wilhelm Gustloff (entre 5 400 et 9 300 victimes)
2%

Distribution des résultats

Percentile by Number Answered

% des personnes avec chaque résultat

Votre développement - résultats

Vous n’avez pas pris ce quiz